|
|
|
|
| LEADER |
00998nam a2200289 a 4500 |
| 001 |
977 |
| 003 |
BD-DhAAL |
| 005 |
20150413121414.0 |
| 008 |
150413s1994 cau b 001 0 eng |
| 010 |
|
|
|a 93043665
|
| 020 |
|
|
|a 0803955669
|
| 020 |
|
|
|a 0803955677 (pbk.)
|
| 040 |
|
|
|a DLC
|c DLC
|d DLC
|d BD-DhAAL
|
| 050 |
0 |
0 |
|a H61.28
|b .K78 1994
|
| 082 |
0 |
0 |
|a 361.6/1/068
|2 20
|
| 100 |
1 |
|
|a Krueger, Richard A.
|9 10330
|
| 245 |
1 |
0 |
|a Focus groups :
|b a practical guide for applied research /
|c Richard A. Krueger.
|
| 250 |
|
|
|a 2nd ed.
|
| 260 |
|
|
|a Thousand Oaks, Calif. :
|b Sage Publications,
|c c1994.
|
| 300 |
|
|
|a xiv, 255 p. ;
|c 22 cm.
|
| 504 |
|
|
|a Includes bibliographical references (p. 243-250) and index.
|
| 541 |
|
|
|e 977
|
| 650 |
|
0 |
|a Focus groups.
|9 10331
|
| 650 |
|
0 |
|a Social sciences
|x Methodology.
|9 6655
|
| 942 |
|
|
|2 ddc
|c BK
|
| 999 |
|
|
|c 34212
|d 34212
|
| 952 |
|
|
|0 0
|1 0
|2 ddc
|4 0
|6 361_610680000000000_KRU
|7 0
|9 53417
|a SCL
|b SCL
|c GEN
|d 2015-04-13
|l 0
|o 361.61068 KRU
|p 3020000977
|r 2015-04-13
|t 1
|w 2015-04-13
|y BK
|